[Event "Offene Hessische Senioren Einzelmeisters"]
[Site "Bad Sooden- Allendorf"]
[Date "2013.04.21"]
[Round "2.27"]
[White "Fritsch, Dr. Jürgen"]
[Black "Holscher, Peter"]
[Result "0-1"]
[WhiteElo "1779"]
[BlackElo "2005"]
[PlyCount "112"]
[EventDate "2013.??.??"]
[WhiteTeam "SK Lister Turm"]
[BlackTeam "Caissa Hoorn"]

1. d4 Nf6 2. Bg5 c5 3. Bxf6 gxf6 4. d5 Qb6 5. Qc1 d6 6. Nc3 Bg7 7. e3 Nd7 8.
Nf3 f5 9. Nd2 a6 10. g3 Ne5 11. Rb1 h5 12. h4 Bd7 13. Be2 Bb5 14. Nxb5 axb5 15.
a3 Ng4 16. c3 e6 17. Qc2 c4 18. Nf3 Qc5 19. dxe6 fxe6 20. Nd4 Bxd4 21. exd4 Qc6
22. Rg1 O-O-O 23. Bf1 Rdf8 24. Bg2 d5 25. f4 Rhg8 26. Bf3 Nf6 27. Qh2 Rg7 28.
Kf2 Rfg8 29. Rbe1 Qa6 30. Re3 Kd7 31. Ke1 Qa4 32. Bd1 Qa7 33. Bf3 b4 34. Qe2
bxc3 35. bxc3 Qxa3 36. Kf2 Re7 37. Rb1 Rb8 38. Rb6 Ne4+ 39. Bxe4 fxe4 40. Qxh5
Qc1 41. Qe5 Ra8 42. Rd6+ Kc8 43. Qh8+ Kc7 44. Qxa8 Kxd6 45. Qd8+ Rd7 46. Qb6+
Ke7 47. Qb4+ Kf7 48. Re1 Qd2+ 49. Re2 Qd1 50. Qb5 Re7 51. f5 Qh1 52. fxe6+ Kxe6
53. Qb6+ Kf7 54. Re3 Kg7 55. Qd6 Rf7+ 56. Ke2 Qf1+ 0-1

[Event "Offene Hessische Senioren Einzelmeisters"]
[Site "Bad Sooden- Allendorf"]
[Date "2013.04.21"]
[Round "2.28"]
[White "Micheel, Peter"]
[Black "Oud, Niek"]
[Result "1/2-1/2"]
[WhiteElo "1751"]
[BlackElo "1992"]
[PlyCount "73"]
[EventDate "2013.??.??"]
[WhiteTeam "SSC Graal-Müritz"]
[BlackTeam "VAS"]

1. e4 c5 2. Nf3 Nc6 3. d4 cxd4 4. Nxd4 d6 5. Nc3 Nf6 6. Be2 g6 7. O-O Bg7 8.
Be3 O-O 9. h3 Bd7 10. Qd2 a6 11. Rad1 Qc7 12. f4 Nxd4 13. Bxd4 Bc6 14. Bf3 Rfd8
15. Nd5 Nxd5 16. exd5 Bb5 17. Rf2 Rac8 18. Bxg7 Kxg7 19. c3 Qc5 20. Qd4+ Qxd4
21. Rxd4 a5 22. Be2 Bd7 23. Bg4 f5 24. Bd1 Rc7 25. Re2 Be8 26. g4 fxg4 27. hxg4
Bf7 28. a3 Kf8 29. Rh2 Kg7 30. Re2 Rdc8 31. Kf2 Kf8 32. Kg3 Rc4 33. Red2 Rxd4
34. Rxd4 b5 35. Bf3 Rc5 36. g5 Kg7 37. Be4 1/2-1/2

[Event "Offene Hessische Senioren Einzelmeisters"]
[Site "Bad Sooden- Allendorf"]
[Date "2013.04.21"]
[Round "2.29"]
[White "Haase, Wolfgang"]
[Black "Ranker, Klemens"]
[Result "1-0"]
[WhiteElo "1991"]
[BlackElo "1744"]
[PlyCount "95"]
[EventDate "2013.??.??"]
[WhiteTeam "SV CAISSA e. V. Kassel"]
[BlackTeam "SC Hauptstuhl"]

1. e4 c5 2. c3 Nc6 3. d4 e6 4. d5 exd5 5. exd5 Qe7+ 6. Be2 Ne5 7. Be3 d6 8. c4
Nf6 9. Nc3 Bd7 10. Nf3 g6 11. O-O Bg7 12. Re1 O-O 13. Nxe5 Qxe5 14. Bf3 Qf5 15.
h3 h5 16. Qd2 Rfe8 17. Bf4 Bf8 18. Rad1 Rxe1+ 19. Rxe1 Re8 20. Rxe8 Bxe8 21.
Qe3 Bd7 22. Be4 Nxe4 23. Nxe4 b6 24. b3 Bg7 25. Bxd6 Bd4 26. Qf4 Qxf4 27. Bxf4
Kf8 28. Kf1 Ke7 29. Bb8 Bf5 30. f3 a6 31. Ba7 Bxe4 32. fxe4 b5 33. Ke2 Kd7 34.
Bb8 Bc3 35. Kd3 Bb4 36. e5 Ba3 37. Ke4 Bb4 38. g4 hxg4 39. hxg4 Ba3 40. Bd6 Bb4
41. Bf8 Ba3 42. Bh6 Bb4 43. Bc1 Ba5 44. Be3 Bb4 45. Kf4 Ba3 46. Kg5 Ke7 47. Kh6
Bb4 48. Kg7 1-0

[Event "Offene Hessische Senioren Einzelmeisters"]
[Site "Bad Sooden- Allendorf"]
[Date "2013.04.21"]
[Round "2.30"]
[White "Fleischer, Martin"]
[Black "Villing, Dieter"]
[Result "0-1"]
[WhiteElo "1746"]
[BlackElo "1987"]
[Annotator ",Microsoft"]
[PlyCount "31"]
[EventDate "2013.??.??"]
[WhiteTeam "SV Einheit Schwerin"]
[BlackTeam "SK 1962 Ladenburg"]

1. e4 c5 2. Nf3 Nf6 3. Nc3 d5 4. exd5 Nxd5 5. Nxd5 Qxd5 6. d3 Nc6 7. b3 e5 8.
Bb2 Be7 9. Be2 Bf5 10. O-O O-O-O 11. Ne1 h5 12. Qd2 Rh6 13. Qe3 Nd4 14. Bxd4
cxd4 15. Qd2 Re8 16. a4 {Rest nicht rekonstruierbar-unleserlich} 0-1

[Event "Offene Hessische Senioren Einzelmeisters"]
[Site "Bad Sooden- Allendorf"]
[Date "2013.04.21"]
[Round "2.31"]
[White "Kripp, Wolfgang"]
[Black "Merettig, Georg"]
[Result "1/2-1/2"]
[WhiteElo "1982"]
[BlackElo "1727"]
[PlyCount "37"]
[EventDate "2013.??.??"]
[WhiteTeam "SAbt SG 1945 Dietzenbach"]
[BlackTeam "SV Caissa Wolfenbüttel"]

1. e4 Nc6 2. d4 e5 3. Nf3 exd4 4. c3 dxc3 5. Nxc3 Bb4 6. Bc4 Bxc3+ 7. bxc3 Qf6
8. Qc2 Ne5 9. Nxe5 Qxe5 10. O-O Nf6 11. Ba3 d6 12. f4 Qa5 13. e5 Qxa3 14. exf6
Qc5+ 15. Kh1 Qxc4 16. fxg7 Rg8 17. Qxh7 f5 18. Qg6+ Kd7 19. Qxf5+ 1/2-1/2

[Event "Offene Hessische Senioren Einzelmeisters"]
[Site "Bad Sooden- Allendorf"]
[Date "2013.04.21"]
[Round "2.32"]
[White "Bieberle, Gerhart"]
[Black "Gerhardt, Peter-Michael"]
[Result "1-0"]
[WhiteElo "1733"]
[BlackElo "1975"]
[PlyCount "113"]
[EventDate "2013.??.??"]
[WhiteTeam "Post-Telekom SV 1925 Aachen e.V."]
[BlackTeam "SC Vahr"]

1. Nf3 Nf6 2. g3 g6 3. Bg2 Bg7 4. O-O O-O 5. c4 d6 6. d4 Nbd7 7. Nc3 c6 8. e4
Qc7 9. Re1 e5 10. d5 c5 11. Bg5 h6 12. Bd2 Nb6 13. Nb5 Qe7 14. b3 a6 15. Na3
Nbd7 16. b4 Kh7 17. b5 a5 18. Nc2 b6 19. h3 Ra7 20. Rb1 Ng8 21. g4 f5 22. exf5
gxf5 23. gxf5 Nb8 24. Ne3 Bf6 25. Nh2 Qe8 26. Be4 Rg7+ 27. Kh1 Kh8 28. Qf3 Bg5
29. Rg1 Nf6 30. Nhg4 Nbd7 31. Bc3 Qh5 32. Nxf6 Qxf3+ 33. Bxf3 Nxf6 34. Ng2 Bxf5
35. h4 Bf4 36. Rbe1 Bd3 37. Nxf4 exf4 38. Re6 Rxg1+ 39. Kxg1 Kg7 40. Rxd6 Bxc4
41. Rxb6 Kg6 42. a4 Kf5 43. Rc6 Rg8+ 44. Kh1 Ne4 45. Bxe4+ Kxe4 46. Rxc5 Be2
47. d6 Bf3+ 48. Kh2 Rg2+ 49. Kh3 Rg1 50. Re5+ Kd3 51. Re1 Rg6 52. Be5 Kd2 53.
Ra1 Bg4+ 54. Kh2 f3 55. b6 Bc8 56. Bg3 Bb7 57. d7 1-0

[Event "Offene Hessische Senioren Einzelmeisters"]
[Site "Bad Sooden- Allendorf"]
[Date "2013.04.21"]
[Round "2.33"]
[White "Schneider, Alexander"]
[Black "Mertens, Gottfried"]
[Result "1/2-1/2"]
[WhiteElo "1974"]
[BlackElo "1721"]
[PlyCount "57"]
[EventDate "2013.??.??"]
[WhiteTeam "Wilhelmshavener SC von 1887 e. V"]
[BlackTeam "SK Weinheim 1911 e.V."]

1. d4 f5 2. Nf3 Nf6 3. Nc3 g6 4. Bf4 Bg7 5. Qd2 d6 6. Bh6 O-O 7. Bxg7 Kxg7 8.
d5 c6 9. e3 Qa5 10. a3 Na6 11. dxc6 bxc6 12. Nd4 Bd7 13. b4 Qb6 14. Bxa6 Qxa6
15. Qd3 Qxd3 16. cxd3 e5 17. Nb3 Rfb8 18. Na5 Kf7 19. Kd2 Ke7 20. Rhc1 Rc8 21.
f3 Rab8 22. Rab1 a6 23. Nc4 Be6 24. Na4 Bxc4 25. dxc4 Nd7 26. c5 d5 27. Rc2 a5
28. Rcb2 axb4 29. axb4 1/2-1/2

[Event "Offene Hessische Senioren Einzelmeisters"]
[Site "Bad Sooden- Allendorf"]
[Date "2013.04.21"]
[Round "2.34"]
[White "Burckhardt, Karl"]
[Black "Hunold, Rolf"]
[Result "0-1"]
[WhiteElo "1725"]
[BlackElo "1974"]
[PlyCount "113"]
[EventDate "2013.??.??"]
[WhiteTeam "SC Fulda"]
[BlackTeam "SV Letmathe 1933 e.V."]

1. e4 c5 2. Bc4 e6 3. Nc3 a6 4. d3 b5 5. Bb3 Bb7 6. Bf4 d6 7. Nf3 Nd7 8. a4 b4
9. Ne2 Ngf6 10. Ng3 Be7 11. O-O Qc7 12. Re1 Ne5 13. Nxe5 dxe5 14. Bd2 O-O 15.
a5 Bc6 16. Nh5 Bb5 17. Re3 c4 18. dxc4 Bxc4 19. Nxf6+ Bxf6 20. Bxb4 Rfd8 21.
Qe1 Bxb3 22. cxb3 Rab8 23. Qc3 Qb7 24. Ba3 Rd4 25. Qc2 Rc8 26. Rc3 Rcd8 27. Re3
Bg5 28. Ree1 Rd2 29. Qc4 Rc8 30. Qb4 Qxb4 31. Bxb4 Rxb2 32. Rab1 Ra2 33. Red1
h5 34. Be1 Rcc2 35. Rd6 Be3 36. fxe3 Rxg2+ 37. Kh1 Rxh2+ 38. Kg1 h4 39. Bxh4
Rxh4 40. b4 g5 41. Rbd1 Rxe4 42. Rxa6 Rxb4 43. Ra7 Rbb2 44. a6 g4 45. Rb7 Rg2+
46. Kh1 Rh2+ 47. Kg1 Kg7 48. a7 g3 49. Rbd7 Rh8 50. Rf1 Rf8 51. Rf3 g2 52. Rg3+
Kf6 53. Rf3+ Kg6 54. Rg3+ Kf5 55. e4+ Kxe4 56. Rb3 Ra8 57. Rb8 0-1

[Event "Offene Hessische Senioren Einzelmeisters"]
[Site "Bad Sooden- Allendorf"]
[Date "2013.04.21"]
[Round "2.35"]
[White "Romanow, Werner"]
[Black "Meinke, Dietlind"]
[Result "1-0"]
[WhiteElo "1972"]
[BlackElo "1711"]
[PlyCount "57"]
[EventDate "2013.??.??"]
[WhiteTeam "SV Merseburg"]
[BlackTeam "MTV Leck von 1889"]

1. c4 c5 2. Nf3 Nc6 3. g3 b6 4. Bg2 Bb7 5. O-O Nf6 6. Nc3 e6 7. d3 d5 8. Qa4
Qd7 9. cxd5 exd5 10. e4 d4 11. e5 Nd5 12. Nxd5 Qxd5 13. Ng5 Qd7 14. Re1 Nd8 15.
Qxd7+ Kxd7 16. Bxb7 Nxb7 17. Nxf7 Rg8 18. e6+ Ke8 19. f4 g6 20. Bd2 Nd6 21. Ng5
Rg7 22. Rac1 a5 23. a3 a4 24. Nf3 Nb7 25. g4 Bd6 26. Kf2 Na5 27. f5 gxf5 28.
gxf5 Be7 29. Bh6 1-0

[Event "Offene Hessische Senioren Einzelmeisters"]
[Site "Bad Sooden- Allendorf"]
[Date "2013.04.21"]
[Round "2.36"]
[White "Nietsch, Horst"]
[Black "Arp, Frans"]
[Result "0-1"]
[WhiteElo "1719"]
[BlackElo "1970"]
[Annotator ",Microsoft"]
[PlyCount "43"]
[EventDate "2013.??.??"]
[WhiteTeam "SG Weißensee 49 e.V."]
[BlackTeam "Haarlem"]

1. g3 Nf6 2. Nf3 d5 3. c4 Nc6 4. cxd5 Nxd5 5. Nc3 Nxc3 6. bxc3 e5 7. e4 Bc5 8.
Be2 O-O 9. O-O Bh3 10. Re1 Bb6 11. d3 h6 12. Be3 Bxe3 13. fxe3 Qe7 14. Kh1 b6
15. Ng1 Bc8 16. Bf3 Bb7 17. d4 Rad8 18. Qc2 Na5 19. Bg2 Nc4 20. Bf1 Nd6 21. Bg2
$11 {Rest nicht rekonstruierbar} exd4 22. exd4 0-1

[Event "Offene Hessische Senioren Einzelmeisters"]
[Site "Bad Sooden- Allendorf"]
[Date "2013.04.21"]
[Round "2.37"]
[White "Piastowski, Kurt"]
[Black "Kopp, Peter"]
[Result "1/2-1/2"]
[WhiteElo "1709"]
[BlackElo "1964"]
[PlyCount "140"]
[EventDate "2013.??.??"]
[WhiteTeam "SC Turm Lüneburg e.V."]
[BlackTeam "SV 1920 Hofheim"]

1. d4 Nf6 2. Nf3 g6 3. Bf4 Bg7 4. e3 d6 5. Bd3 Nbd7 6. Nbd2 O-O 7. c3 Re8 8.
Bc2 e5 9. dxe5 dxe5 10. Bg5 h6 11. Bxf6 Nxf6 12. O-O b6 13. Ne4 Qe7 14. Qe2 Bb7
15. Nxf6+ Qxf6 16. Rad1 Rad8 17. Rxd8 Rxd8 18. Rd1 Rd6 19. Nd2 Qe6 20. Bb3 Qe7
21. Nc4 Qg5 22. f3 Rxd1+ 23. Qxd1 b5 24. Nd2 Qxe3+ 25. Kf1 Qf4 26. g3 Qf6 27.
Kg2 Qd6 28. Qe2 a6 29. Ne4 Qe7 30. Qe3 Bf8 31. Qa7 c6 32. Nc5 Bc8 33. Qa8 Bf5
34. Ne4 Bxe4 35. fxe4 Qd7 36. Qxa6 Bc5 37. Qa8+ Kg7 38. Qb8 Qd2+ 39. Kh3 Bd6
40. Qe8 Qf2 41. Qd7 Qf1+ 42. Kh4 Qf6+ 43. Kh3 Qf1+ 44. Kh4 Bc5 45. Qe8 g5+ 46.
Kg4 h5+ 47. Kxg5 Qf3 48. Qxf7+ Qxf7 49. Bxf7 Kxf7 50. Kxh5 Be3 51. b3 Bd2 52.
c4 b4 53. g4 Bf4 54. h4 Kg7 55. g5 Kf7 56. Kg4 Kg6 57. h5+ Kf7 58. Kf5 Bd2 59.
h6 Kg8 60. Kxe5 Bxg5 61. h7+ Kxh7 62. Kd6 Kg6 63. Kxc6 Be7 64. Kb5 Kf6 65. c5
Ke5 66. Kxb4 Kd4 67. Kb5 Bxc5 68. b4 Bd6 69. Ka5 Kxe4 70. b5 Kd5 1/2-1/2

[Event "Offene Hessische Senioren Einzelmeisters"]
[Site "Bad Sooden- Allendorf"]
[Date "2013.04.21"]
[Round "2.38"]
[White "Petzold, Dr. Hans"]
[Black "Kirchberg, Hans-Georg"]
[Result "1/2-1/2"]
[WhiteElo "1964"]
[BlackElo "1597"]
[PlyCount "48"]
[EventDate "2013.??.??"]
[WhiteTeam "USV TU Dresden"]
[BlackTeam "SK Dingelstädt 1921"]

1. e4 d5 2. exd5 Qxd5 3. Nc3 Qd6 4. Nf3 a6 5. Bc4 e6 6. Qe2 Nf6 7. d3 b5 8. Bb3
Bb7 9. Bg5 Be7 10. Bh4 c5 11. Bg3 Qc6 12. a3 Nbd7 13. O-O-O O-O 14. Rhe1 a5 15.
a4 bxa4 16. Bxa4 Qb6 17. Bh4 Bc6 18. Bxc6 Qxc6 19. d4 a4 20. Ne5 Nxe5 21. dxe5
Nd5 22. Bxe7 Nxe7 23. Qe4 a3 24. bxa3 Rxa3 1/2-1/2

[Event "Offene Hessische Senioren Einzelmeisters"]
[Site "Bad Sooden- Allendorf"]
[Date "2013.04.21"]
[Round "2.39"]
[White "Berger, Volkmar"]
[Black "Krebs, Dietmar"]
[Result "1/2-1/2"]
[WhiteElo "1547"]
[BlackElo "1960"]
[PlyCount "45"]
[EventDate "2013.??.??"]
[WhiteTeam "BSV-KW Jänschwalde 94 e.V."]
[BlackTeam "Kölner SK Dr. Lasker 186"]

1. d4 Nf6 2. Nc3 d5 3. Bf4 Bf5 4. Nf3 e6 5. e3 Bb4 6. Bb5+ c6 7. Bd3 Ne4 8. O-O
Nxc3 9. bxc3 Bxc3 10. Rb1 Qc8 11. Bxf5 exf5 12. Qd3 Ba5 13. c4 dxc4 14. Qxc4
O-O 15. Qb3 Bb6 16. Bd6 Rd8 17. Bc5 Bxc5 18. dxc5 Nd7 19. Qxb7 Nxc5 20. Qe7 Rd5
21. Ne5 Qe8 22. Qxe8+ Rxe8 23. Nxc6 1/2-1/2

[Event "Offene Hessische Senioren Einzelmeisters"]
[Site "Bad Sooden- Allendorf"]
[Date "2013.04.21"]
[Round "2.40"]
[White "Hegner, Peter"]
[Black "Reinhold, Dr. Klaus"]
[Result "0-1"]
[WhiteElo "1521"]
[BlackElo "1957"]
[PlyCount "24"]
[EventDate "2013.??.??"]
[WhiteTeam "SC Bad Soden"]
[BlackTeam "SC Gronau 1920 e.V."]

1. e4 e5 2. Nf3 Nc6 3. d4 exd4 4. Bc4 Nf6 5. e5 d5 6. Bb5 Ne4 7. Nxd4 Qh4 8.
O-O Bc5 9. Be3 Bxd4 10. Qxd4 Qd8 11. f3 Ng5 12. Qh4 Nxf3+ 0-1

[Event "Offene Hessische Senioren Einzelmeisters"]
[Site "Bad Sooden- Allendorf"]
[Date "2013.04.21"]
[Round "2.41"]
[White "Thieme, Hans"]
[Black "Mittelstaedt, Ewald"]
[Result "1-0"]
[WhiteElo "1943"]
[BlackElo "1375"]
[PlyCount "73"]
[EventDate "2013.??.??"]
[WhiteTeam "SV Oberursel"]
[BlackTeam "SC Tarrasch 45 München"]

1. e4 c5 2. Nf3 Nc6 3. Bb5 d6 4. O-O e5 5. c3 a6 6. Ba4 b5 7. Bc2 Bg4 8. h3
Bxf3 9. Qxf3 Qf6 10. Qe2 Qh4 11. d3 Nf6 12. a4 b4 13. a5 Be7 14. Ba4 Rc8 15.
Bd2 O-O 16. Bxc6 Rxc6 17. cxb4 c4 18. Nc3 Rfc8 19. Kh2 cxd3 20. Qxd3 Rc4 21. g3
Qh5 22. Rac1 Rd4 23. Qxa6 Rcc4 24. Nd5 Nxd5 25. Rxc4 Rxd2 26. Rc8+ Bf8 27. exd5
Qf3 28. Kg1 Qxd5 29. Qa8 Qxa8 30. Rxa8 Rxb2 31. Rc1 g6 32. Rcc8 Rxb4 33. Rxf8+
Kg7 34. a6 Ra4 35. Rfd8 Rd4 36. a7 d5 37. Rab8 1-0

[Event "Offene Hessische Senioren Einzelmeisters"]
[Site "Bad Sooden- Allendorf"]
[Date "2013.04.21"]
[Round "2.42"]
[White "Grasmik, Waldemar"]
[Black "Just, Joachim"]
[Result "0-1"]
[WhiteElo "1358"]
[BlackElo "1912"]
[PlyCount "73"]
[EventDate "2013.??.??"]
[WhiteTeam "TSV 1876 Bad Kissingen"]
[BlackTeam "SV Motor Zeitz"]

1. d4 d5 2. a3 g6 3. Nc3 Bg7 4. g3 c6 5. h4 h5 6. Bh3 Bxh3 7. Nxh3 Nd7 8. Bf4
Qb6 9. Na4 Qxd4 10. Qxd4 Bxd4 11. O-O-O Bg7 12. Be3 Ngf6 13. f3 O-O 14. Rdg1 e5
15. g4 d4 16. Bg5 b5 17. Bxf6 Bxf6 18. gxh5 bxa4 19. hxg6 fxg6 20. Rxg6+ Kf7
21. h5 Rh8 22. Ng5+ Bxg5+ 23. Rxg5 Rag8 24. Rg6 Rxg6 25. hxg6+ Kg7 26. Rg1 Rh6
27. Kd2 Rxg6 28. Rxg6+ Kxg6 29. Kd3 Nb6 30. b3 Kf5 31. bxa4 c5 32. a5 c4+ 33.
Kd2 Nd5 34. e3 dxe3+ 35. Ke2 e4 36. fxe4+ Kxe4 37. a6 0-1

[Event "Offene Hessische Senioren Einzelmeisters"]
[Site "Bad Sooden- Allendorf"]
[Date "2013.04.21"]
[Round "2.43"]
[White "Noblé, Alexander"]
[Black "Stratmann, Alois"]
[Result "1-0"]
[WhiteElo "1907"]
[BlackElo "1366"]
[PlyCount "69"]
[EventDate "2013.??.??"]
[WhiteTeam "SC Bad Nauheim"]
[BlackTeam "SV Ahlen 1954 e.V."]

1. c4 e6 2. Nc3 Nf6 3. g3 c6 4. Bg2 d5 5. cxd5 Nxd5 6. Nf3 Be7 7. O-O Nd7 8. e4
N5b6 9. d4 O-O 10. Qe2 Nf6 11. h3 Nfd7 12. Be3 Bb4 13. Rfd1 Qe8 14. a4 a5 15.
Bf4 Nf6 16. Ne5 Nfd7 17. Nc4 Nxc4 18. Qxc4 Nb6 19. Qb3 Qe7 20. Rac1 Kh8 21. Be3
Nd7 22. d5 Bxc3 23. Rxc3 exd5 24. exd5 c5 25. d6 Qe6 26. Qxe6 fxe6 27. Bxc5 Rb8
28. Ba3 Kg8 29. Rc7 Rd8 30. b4 axb4 31. Bxb4 b6 32. Bc6 Ne5 33. Bb5 Bd7 34.
Bxd7 Rxd7 35. f4 1-0

[Event "Offene Hessische Senioren Einzelmeisters"]
[Site "Bad Sooden- Allendorf"]
[Date "2013.04.21"]
[Round "2.44"]
[White "Ludwig, Siegfried"]
[Black "Montsma, Foppe-Jan"]
[Result "1-0"]
[WhiteElo "1348"]
[BlackElo "1906"]
[PlyCount "37"]
[EventDate "2013.??.??"]
[WhiteTeam "GSV Hemmingen"]

1. e4 e5 2. Bc4 Nf6 3. d3 Be7 4. Nf3 d6 5. h3 c6 6. a3 Nbd7 7. Ng5 O-O 8. O-O
h6 9. Nf3 Re8 10. Nh2 d5 11. exd5 cxd5 12. Bb3 Nc5 13. c4 Bf5 14. Nc3 Bxd3 15.
Re1 dxc4 16. Ba2 a6 17. Be3 e4 18. Ng4 Nd5 19. Nxh6+ 1-0

[Event "Offene Hessische Senioren Einzelmeisters"]
[Site "Bad Sooden- Allendorf"]
[Date "2013.04.21"]
[Round "2.45"]
[White "van den Berg, Ad"]
[Black "Lübbers, Dr. Doris"]
[Result "1-0"]
[WhiteElo "2188"]
[BlackElo "1335"]
[PlyCount "37"]
[EventDate "2013.??.??"]
[WhiteTeam "Aas Aalsmeer"]
[BlackTeam "Sfr. Taunus Königstein/Schwalbac"]

1. e4 c5 2. Nc3 d6 3. Nge2 Nf6 4. d4 cxd4 5. Nxd4 a6 6. Bc4 e6 7. Bb3 Be7 8. f4
Nc6 9. Be3 O-O 10. Qe2 Nxd4 11. Bxd4 b5 12. O-O-O Qc7 13. f5 exf5 14. exf5 Bxf5
15. Rde1 Rfe8 16. Bxf6 gxf6 17. Nd5 Qd8 18. Nxe7+ Rxe7 19. Qxe7 1-0

[Event "Offene Hessische Senioren Einzelmeisters"]
[Site "Bad Sooden- Allendorf"]
[Date "2013.04.21"]
[Round "2.46"]
[White "Hottes, Dieter"]
[Black "Stuiber, Wilhelm"]
[Result "1-0"]
[WhiteElo "2118"]
[BlackElo "1627"]
[PlyCount "65"]
[EventDate "2013.??.??"]
[WhiteTeam "Stuttgarter SF 1879"]
[BlackTeam "SK Turm Euskirchen 65"]

1. d4 d5 2. Nf3 e6 3. g3 Bd6 4. Bg2 f5 5. c4 c6 6. O-O Nf6 7. b3 Qe7 8. a4 O-O
9. Ba3 Bxa3 10. Nxa3 Nbd7 11. Qc2 Ne4 12. Ne1 Qg5 13. b4 Ndf6 14. b5 Bd7 15.
Nf3 Qh6 16. Ne5 Nd6 17. cxd5 exd5 18. bxc6 Rac8 19. Nb5 Nxb5 20. axb5 bxc6 21.
bxc6 Be6 22. Rxa7 Ne4 23. Qc1 Qh5 24. Re7 Rfe8 25. Rxe8+ Qxe8 26. Qe3 h6 27.
Bxe4 fxe4 28. f3 Bh3 29. Re1 exf3 30. exf3 Qe7 31. f4 Qb4 32. Qc3 Qb5 33. g4
1-0

[Event "Offene Hessische Senioren Einzelmeisters"]
[Site "Bad Sooden- Allendorf"]
[Date "2013.04.21"]
[Round "2.47"]
[White "Viererbe, Hartmut"]
[Black "van Geffen, Ben"]
[Result "0-1"]
[WhiteElo "1607"]
[BlackElo "2061"]
[Annotator ",Microsoft"]
[PlyCount "68"]
[EventDate "2013.??.??"]
[WhiteTeam "SC 51 Nordhausen"]
[BlackTeam "Messemaker 1847"]

1. Nf3 Nf6 2. c4 c5 3. Nc3 d5 4. cxd5 Nxd5 5. g3 Nc6 6. Bg2 Nc7 7. O-O e5 8. e3
Be7 9. a3 O-O 10. Qe2 Bf5 11. Ne1 Qd7 12. d3 Rad8 13. Ne4 Be6 14. Qc2 Na5 15.
Bd2 Nb3 16. Rd1 f5 17. Nc3 b5 18. Bc1 a5 19. f4 exf4 20. gxf4 Nxc1 21. Qxc1 Bb3
22. Nc2 b4 23. Ne2 Nd5 24. Rf3 Nf6 25. Ng3 Kh8 26. Rff1 Nd5 27. Rfe1 $11 Bf6
28. Kh1 Rfe8 29. e4 Nxf4 30. Qxf4 Bxc2 31. Rd2 Bxd3 32. Nxf5 c4 33. Red1 Qe6
34. Re1 c3 0-1

[Event "Offene Hessische Senioren Einzelmeisters"]
[Site "Bad Sooden- Allendorf"]
[Date "2013.04.21"]
[Round "2.48"]
[White "Rüggeberg, Wilhelm"]
[Black "Szenetra, Werner"]
[Result "0-1"]
[WhiteElo "1641"]
[BlackElo "2022"]
[PlyCount "80"]
[EventDate "2013.??.??"]
[WhiteTeam "Sfr.Saarburg-Trier"]
[BlackTeam "SV Berenbostel"]

1. d4 g6 2. c4 Bg7 3. Nf3 d6 4. Nc3 Bg4 5. e3 Nc6 6. Be2 e5 7. d5 Nce7 8. e4 h6
9. h3 Bxf3 10. Bxf3 f5 11. Qb3 Qc8 12. Qb5+ Kf7 13. c5 Nf6 14. cxd6 cxd6 15.
Bd2 Rd8 16. Rc1 Qd7 17. Qd3 a6 18. O-O b5 19. a3 Rac8 20. Rc2 Rc4 21. Be3 Rdc8
22. b3 fxe4 23. Bxe4 Rxc3 24. Bxg6+ Nxg6 25. Rxc3 Rxc3 26. Qxc3 Nxd5 27. Qd2
Ndf4 28. Rc1 d5 29. Bb6 Ne6 30. g3 e4 31. Be3 d4 32. Bxh6 e3 33. Bxe3 Ne5 34.
Qe2 dxe3 35. Qxe3 Qd5 36. Rc3 Nd4 37. Rc7+ Kg8 38. Rc8+ Kh7 39. f4 Nf5 40. Qe2
Nf3+ 0-1

[Event "Offene Hessische Senioren Einzelmeisters"]
[Site "Bad Sooden- Allendorf"]
[Date "2013.04.21"]
[Round "2.49"]
[White "Völler, Lothar"]
[Black "Limberg, Siegfried"]
[Result "0-1"]
[WhiteElo "1524"]
[BlackElo "1970"]
[Annotator ",Microsoft"]
[PlyCount "72"]
[EventDate "2013.??.??"]
[WhiteTeam "Dortmund"]
[BlackTeam "Sfr. Taunus Königstein/Schwalbac"]

1. e4 c6 2. Nf3 g6 3. d3 Bg7 4. g3 d6 5. Bg2 Nf6 6. O-O O-O 7. Nbd2 Na6 8. Re1
e5 9. Nf1 h6 10. Nh4 Be6 11. Bd2 Qc8 12. Ne3 Nc7 13. b3 Kh7 14. c4 Bh3 15. Bxh3
Qxh3 16. Qf3 Qd7 17. Bb4 Ne6 18. Bc3 Ng5 19. Qg2 Ng4 20. Nxg4 Qxg4 21. f3 Qd7
22. g4 Ne6 23. Bd2 Bf6 24. Qh3 Nf4 25. Bxf4 exf4 26. Ng2 Bxa1 27. Rxa1 g5 28.
Qh5 Qe6 29. h4 Qg6 30. hxg5 Qxh5 31. gxh5 hxg5 32. Kf2 Kh6 33. Rh1 d5 34. Ne1
Rad8 35. cxd5 cxd5 36. e5 d4 {Rest nicht zu rekonstruieren} 0-1

[Event "Offene Hessische Senioren Einzelmeisters"]
[Site "Bad Sooden- Allendorf"]
[Date "2013.04.21"]
[Round "2.50"]
[White "Rychlik, Kurt"]
[Black "Hesse, Klaus Dieter"]
[Result "1-0"]
[WhiteElo "1970"]
[BlackElo "1668"]
[Annotator ",Microsoft"]
[PlyCount "67"]
[EventDate "2013.??.??"]
[WhiteTeam "SV Berenbostel"]
[BlackTeam "SK Stadtallendorf"]

1. e4 e5 2. Nf3 Nf6 3. Nc3 Nc6 4. d3 d5 5. exd5 Nxd5 6. Ne4 Be7 7. h3 O-O 8. g4
f5 9. gxf5 Bxf5 10. Ng3 Qd7 11. Bg2 Rae8 12. c3 Nf4 13. Bxf4 exf4 14. Nxf5 Bf6+
15. Kf1 Qxf5 16. Qb3+ Kh8 17. Rd1 Re7 18. Qxb7 Ne5 19. Nxe5 Qxe5 20. Bf3 Rfe8
21. Qxa7 c5 22. Qa4 Bh4 23. Qc2 Re6 24. Rg1 g5 25. c4 Qd4 26. Qc3 Bxf2 27.
Qxd4+ Bxd4 28. Rxg5 Re3 29. Kg2 Re1 30. Rxe1 Rxe1 31. Rg4 Be3 32. Bd5 h6 33.
Kf3 Rb1 34. b3 {Rest nicht zu rekonstruieren} 1-0

[Event "Offene Hessische Senioren Einzelmeisters"]
[Site "Bad Sooden- Allendorf"]
[Date "2013.04.21"]
[Round "2.51"]
[White "Heinzel, Peter"]
[Black "Kynast, Reinhard"]
[Result "1-0"]
[WhiteElo "1970"]
[BlackElo "1574"]
[Annotator ",Microsoft"]
[PlyCount "86"]
[EventDate "2013.??.??"]
[WhiteTeam "SC Mülheim 08/25 e.V."]
[BlackTeam "Herforder SV Königsspr"]

1. b4 e5 2. Bb2 d6 3. c4 Nd7 4. e3 g6 5. Nc3 Bg7 6. Be2 Ne7 7. d3 O-O 8. Nf3 b6
9. Qc2 Bb7 10. O-O Rc8 11. a4 a5 12. b5 Nf5 13. Rad1 Re8 14. Ba3 Ne7 15. e4 Nc5
16. Bxc5 dxc5 17. Nd5 f6 18. Rb1 Qd6 19. g3 Rcd8 20. Rfe1 Bc8 21. Bf1 Kh8 22.
Bg2 Rf8 23. Rf1 Be6 24. Nd2 Qd7 25. f3 Bh6 26. Rfe1 Rf7 27. Nf1 Nxd5 28. cxd5
Bh3 29. Ne3 Bxg2 30. Kxg2 Rdf8 31. Nc4 Rb8 32. Rf1 Qe7 33. Qe2 Bf8 34. f4 Qe8
35. fxe5 fxe5 36. Rxf7 Qxf7 37. Nxe5 Qg7 38. Nc4 Re8 39. Qb2 Bd6 40. Qxg7+ Kxg7
41. Rf1 Re7 42. Rf3 Be5 43. h3 Bd6 {Rest fehlende Notation} 1-0

[Event "Offene Hessische Senioren Einzelmeisters"]
[Site "Bad Sooden- Allendorf"]
[Date "2013.04.21"]
[Round "2.52"]
[White "Biller, Dr. Helmut"]
[Black "Weyand, Fernand"]
[Result "1-0"]
[WhiteElo "1959"]
[BlackElo "1570"]
[PlyCount "47"]
[EventDate "2013.??.??"]
[WhiteTeam "Sfr. Frankfurt 1921"]
[BlackTeam "SV Saarbrücken 1970 e.V."]

1. d4 d5 2. c4 Nf6 3. Nc3 c6 4. Nf3 Bf5 5. cxd5 cxd5 6. Qb3 b6 7. Bf4 a6 8. e3
e6 9. Qa4+ Nbd7 10. Bxa6 Bd3 11. Nb5 e5 12. Bxe5 Rxa6 13. Qxa6 Bb4+ 14. Nd2 O-O
15. Qa4 Qe7 16. Bxf6 Nxf6 17. a3 Bxd2+ 18. Kxd2 Bg6 19. f3 Re8 20. Rae1 Rc8 21.
Rc1 Re8 22. Rhe1 Bf5 23. Qb4 Qd8 24. Nd6 1-0